Top 10 Tottenham goalscorers - Statistics

General Stats
  • This quiz has been taken 56 times
  • The average score is 4 of 10
Answer Stats
Hint Answer % Correct
266 Greaves
75%
143 Defoe
71%
124 Sheringham
65%
122 Keane
58%
174 Chivers
31%
208 Smith
31%
159 Jones
27%
133 Gilzean
21%
138 Hunt
15%
134 Duquemin
2%
No matching quizzes found
Score Distribution
Percent of People with Each Score
Percentile by Number Answered
Your Score History
You have not taken this quiz